01808nab a2200445 i 450000100060000000300080000600500170001400600190003100700150005000800410006502200140010603500210012004000310014105000240017208000120019608200180020810000330022624502230025926400470048230000430052931000150057233600310058733700330061833800430065136200360069454600610073058801220079159001640091365000200107765000180109765000140111565000260112965500320115570000280118770000260121577300230124179700190126485600620128399900170134521654FlNmELB20241216213937.0m o d | cr cnu||||||||140501c20129999ve qr p o 0 b0spa d a1315-2076 a(OCoLC)949111847 aFINmELBbspaerdacFINmELB 4aRC280.B8bV726 2012 a616-0060 a616.994492231 aVillasmil Colina, Ángel R.10aExpresión inmunohistoquímica de la proteína de multirresistencia a drogas (gp-170) en biopsias de tejido mamario humano normal y tumoral /cÁngel R. Villasmil Colina, Lorena Atencio Bracho, Nola Montiel Ocando. 1aMaracaibo :bUniversidad del Zulia,c2012. a1 recurso en línea (12-21 páginas) aTrimestral atextobtxt2rdacontent/spa acomputadorabc2rdamedia/spa arecurso en líneabcr2rdacarrier/spa0 aVolumen 20, número 1 (2012) - aTexto en español, resúmenes en español e inglés. aDescripción basada en recurso en línea; Título de la página del título en PDF (e-libro, visto May 1, 2014). aRecurso electrónico. Santa Fe, Arg.: e-libro, 2015. Disponible vía World Wide Web. El acceso puede estar limitado para las bibliotecas afiliadas a e-libro. 0aBreastxCancer. 0aChemotherapy. 4aCáncer. 4aTratamiento médico. 4aArtículos electrónicos.1 aAtencio Bracho, Lorena.1 aMontiel Ocando, Nola.0 tCienciax1315-20762 ae-libro, Corp.40uhttps://elibro.net/ereader/politecnicointernacional/16696 c21654d21654